Halkla birlikte çözüm (Record no. 7155)

MARC details
000 -BAŞLIK
Sabit Uzunlukta Kontrol Alanı 02028na a2200385 4500
001 - KONTROL NUMARASI
Denetim Alanı 19375
003 - KONTROL NUMARASI IDENTIFIER
Denetim Alanı MIRAKIL
005 - SON İŞLEM TARİHİ VE ZAMANI
Denetim Alanı 20181213155129.0
008 - SABİT-BOY VERİ ELEMANLARI - GENEL BİLGİLER
Sabit Uzunlukta Kontrol Alanı 161214b tu 000 0
035 ## - SİSTEM KONTROL NUMARASI
Sistem Kontrol Numarası 19375
040 ## - KATALOGLAMA KAYNAK
Orijinal Kataloglama Ajansı Milas
Kataloglama Dili tur
Metne Dönüştürmek Ajansı TR-AnCHP
041 ## - DİL KODU
Metin / Ses Parça Veya Ayrı Başlığın Dil Kodu tur
082 ## - DEWEY ONLU SINIFLANDIRMA NUMARASI
Sınıflandırma Numarası CHP 324.2372
Ürün Numarası C36h 2001
090 ## - SINIFLAMA NUMARASI
Sınıflama Numarası BROŞÜR 55-66
110 ## - ANA GİRİŞ - KURUMSAL ADI
Giriş Elemanı Olarak Kurumsal Ad Veya Yargı Alanı Adı Cumhuriyet Halk Partisi (CHP)
Alt Birim Genel Merkez
240 ## - ÜNİFORM BAŞLIK
Üniforma Başlık <a href="Halkla birlikte çözüm">Halkla birlikte çözüm</a>
245 ## - BAŞLIK TABLOSU
Başlık Halkla birlikte çözüm
Sorumluluk Tablosu, Vb CHP Genel Merkezi
260 ## - YAYIN, DAĞITIM, VB
Yayın, Dağıtım, Vb Yeri Ankara
Yayıncı, Dağıtıcı, Vs Adı CHP
Yayın, Dağıtım, Vb Tarihi 2001
300 ## - FİZİKSEL TANIM
Kapsam 12 c.
Boyutlar 16 sm.
440 ## - SERİSİ TABLOSU / KATMA GİRİŞİ - BAŞLIK
Başlık Cumhuriyet Halk Partisi yayınları
Bir İşin Parçası / Bölümün İsmi Bildiriler
505 ## - BİÇİMLENDİRİLDİ İÇİNDEKİLER NOT
Biçimlendirilmiş İçeriği Dikkat c.1: Artvin-Bayburt-Giresun-Gümüşhane-Ordu-Rize-Samsun-Trabzon -- c.2: Balıkesir-Bursa-Çanakkale-Edirne-Kırklareli-Manisa-Tekirdağ -- c.3: Batman-Bitlis-Diyarbakır-Elazığ-Hakkari-Malatya-Mardin-Muş-Siirt-Şanlıurfa-Şırnak-Tunceli -Van -- c.4: Ağrı-Ardahan-Bingöl-Erzincan-Erzurum-Iğdır-Kars -- c.5: Aksaray-Amasya-Kayseri-Kırıkkale-Kırşehir-Nevşehir-Niğde-Sivas-Tokat-Yozgat -- c.6. Bartın-Bolu-Çankırı-Karabük-Kastamonu-Sinop-Zonguldak --c.7: Afyon-Antalya-Aydın-Burdur-Denizli-Isparta-Konya-Muğla -- c.8: Bilecik-Düzce- skişehir-Kocaeli-Kütahya-Sakarya-Uşak-Yalova -- c.9: Adana-Adıyaman-Gaziantep-Hatay-İçe -Kahramanmaraş-Karaman-Kilis-Osmaniye -- c.10: İzmir -- c.11: Ankara -- c.12: İstanbul
505 ## - BİÇİMLENDİRİLDİ İÇİNDEKİLER NOT
Biçimlendirilmiş İçeriği Dikkat Politika üretimine halkçı katkı / Deniz Baykal
610 ## - KONU KATMA GİRİŞ - TOPLANTI ADI
Giriş Elemanı Olarak Kurumsal Ad Veya Yargı Alanı Adı CHP
Genel Alt Bölüm Siyaset ve yönetim
Kronolojik Alt Bölüm 2000-
610 ## - KONU KATMA GİRİŞ - TOPLANTI ADI
Giriş Elemanı Olarak Kurumsal Ad Veya Yargı Alanı Adı CHP
Genel Alt Bölüm Bölgesel gelişme stratejileri
Kronolojik Alt Bölüm Baykal dönemi
610 ## - KONU KATMA GİRİŞ - TOPLANTI ADI
Giriş Elemanı Olarak Kurumsal Ad Veya Yargı Alanı Adı CHP
Genel Alt Bölüm Bölgesel araştırmalar
Kronolojik Alt Bölüm Çözüm önerileri
610 ## - KONU KATMA GİRİŞ - TOPLANTI ADI
Giriş Elemanı Olarak Kurumsal Ad Veya Yargı Alanı Adı CHP
Genel Alt Bölüm Toplumsal sorunlar
Kronolojik Alt Bölüm Çözüm önerileri
650 ## - KONU KATMA GİRİŞ - TOPİKAL DÖNEM
Topikal Süreli Veya Coğrafi Ad Giriş Elemanı Toplumsal sorunlar
Genel Alt Bölümü Bölgesel araştırmalar
Kronolojik Alt Bölümü Bildiriler
651 ## - KONU KATMA GİRİŞ - COĞRAFİ ADI
Coğrafi İsim Türkiye
Genel Alt Bölümü Sosyo ekonomik durum
Kronolojik Alt Bölümü 2000-
700 ## - KATMA GİRİŞ - KİŞİSEL İSİM
Kişisel Ad
740 ## - KATMA GİRİŞ - KONTROLSUZ İLGİLİ / ANALİTİK BAŞLIK
Kontrol Edilmeyen / İlgili Analitik Başlıktaki Politika üretimine halkçı katkı / Deniz baykal
830 ## - SERİSİ EKLENDİ GİRİŞ - ÜNİFORM ADI
Üniforma Başlık CHP yayınları
942 ## - EKLENDİ GİRİŞ ELEMANLARI (KOHA)
Sınıflandırma Veya Raf Düzeni Kaynak Dewey Decimal Classification
Koha Öğesi Türü Books
999 ## - SİSTEM KONTROL NUMARALARI (KOHA)
Koha Biblionumber 7155
Koha Biblioitemnumber 7155
657 ## - INDEX SÜRE - İŞLEVİ
-- Halkla birlikte çözüm projesi
Holdings
Kullanım Kısıtlamaları Kalıcı Konum Mevcut Konum Edinme Tarihi Edinim Kaynak Kodlu Konum Eleme Toplam Check-Out'Lar Tam Çağrı Numarası Barkod Tarih Son Görülme İtibaren Geçerli Fiyatlar Koha Öğesi Türü
Kütüphane dışına çıkarılamaz CHP Kütüphanesi CHP Kütüphanesi 12/14/2016 Bağış BROŞÜRLER   BROŞÜR 55-66 011108 12/14/2016 12/14/2016 Visual Material